Statistics for Drake "Nothing Was The Same" Quiz

Click here to take the quiz!

General Stats

  • This quiz has been taken 432 times
  • The average score is 10 of 15

Answer Stats

Nothing Was The Same % Correct
Tuscan Leather
79%
Started From the Bottom
76%
Pound Cake / Paris Morton Music 2 (feat. Jay Z)
75%
All Me (feat. Big Sean & 2 Chainz)
72%
Hold On, We're Going Home (feat. Majid Jordan)
71%
Too Much (feat. Sampha)
69%
Worst Behavior
68%
Furthest Thing
66%
From Time (feat. Jhene Aiko)
65%
Wu-Tang Forever
64%
Come Thru
63%
The Language
62%
Connect
59%
Own It
58%
305 to My City (feat. Detail)
58%

Score Distribution

Percentile by Number Answered

Percent of People with Each Score

Your Score History

You have not taken this quiz